000
00282nmm a2200097Ia 4500
008
220120s9999||||xx |||||||||||||||||und||
020
_a
0-07-044580-X
100
_a
Mahadevan, P
245
0
_a
Operations management theory and practice
260
_a
Prentice all of india
_b
New Delhi
_c
2012
999
_c
139757
_d
139757